000
00223nmm a2200085Ia 4500
008
220120s9999||||xx |||||||||||||||||und||
100
_a
PCQ
245
0
_a
5 CRM Solutions, solar 1.0.0, Licence Protecttro 2.4.1.
260
_c
2006
999
_c
138498
_d
138498